01389nam a2200349 i 450000100060000000300080000600500170001400600190003100700150005000800410006502000250010603500220013104000310015305000250018408000170020908200210022610000400024724000130028724501500030026400320045030000410048233600310052333700330055433800430058749000220063058800830065259001620073565000350089765500270093285600630095999900170102291970FINmELB20241217172057.0m o d | cr cnu||||||||221023s2016 sp o 000 0 spa d z9788490742969qpapel a(OCoLC)1348611759 aFINmELBbspaerdacFINmELB 4aBL2530.C9bC337 2016 a259.4(729.1)04a133.470972912231 aCabrera, Lydia,d1899-1991,eautor.13aEl monte13aEl monte :bnotas sobre las religiones, la magia, las supersticiones, y el folklore de los negros criollos y del pueblo de Cuba /cLydia Cabrera. 1aMadrid :bVerbum,cDL 2016. a1 recurso en línea (488 páginas) atextobtxt2rdacontent/spa acomputadorabc2rdamedia/spa arecurso en líneabcr2rdacarrier/spa0 aBiblioteca cubana aDescripción basada en metadatos suministrados por el editor y otras fuentes. aRecurso electrónico. Santa Fe, Arg.: elibro, 2022. Disponible vía World Wide Web. El acceso puede estar limitado para las bibliotecas afiliadas a elibro. 4aCultos afro-caribeñoszCuba. 4aLibros electrónicos.40uhttps://elibro.net/ereader/politecnicointernacional/218033 c91970d91970